[Event "CZE-chT2E 0809"]
[Site "Czech Republic"]
[Date "2009.02.22"]
[Round "9.2"]
[White "Karpilovsky, Oleg"]
[Black "Vrana, Frantisek"]
[Result "1/2-1/2"]
[WhiteElo "2266"]
[BlackElo "2302"]
[PlyCount "54"]
[EventDate "2008.10.12"]
[EventType "tourn"]
[EventRounds "11"]
[EventCountry "CZE"]
[SourceTitle "EXT 2010"]
[Source "ChessBase"]
[SourceDate "2010.11.25"]
[SourceVersion "1"]
[SourceVersionDate "2010.11.25"]
[SourceQuality "1"]
[WhiteTeam "Brno Duras III"]
[BlackTeam "Stare Mesto II"]
[WhiteTeamCountry "CZE"]
[BlackTeamCountry "CZE"]

1. e4 c6 2. d4 d5 3. exd5 cxd5 4. c4 Nf6 5. Nc3 e6 6. Nf3 Be7 7. c5 0-0 8. Bd3 b6 9. b4 a5 10. Na4 Nfd7 11. a3 axb4 12. axb4 bxc5 13. bxc5 Nc6 14. Bb2 Nb4 15. Be2 e5 16. dxe5 Nxc5 17. Nxc5 Rxa1 18. Bxa1 Bxc5 19. 0-0 Qe7 20. Bd4 Bg4 21. h3 Bxf3 22. Bxf3 Bxd4 23. Qxd4 Nc6 24. Qxd5 Nxe5 25. Rd1 Nxf3+ 26. Qxf3 Rd8 27. Rxd8+ Qxd8 1/2-1/2

[Event "CZE-chT2E 0809"]
[Site "Czech Republic"]
[Date "2008.12.21"]
[Round "5.4"]
[White "Karpilovsky, Oleg"]
[Black "Dvorak, Martin"]
[Result "1/2-1/2"]
[WhiteElo "2266"]
[BlackElo "1998"]
[PlyCount "50"]
[EventDate "2008.10.12"]
[EventType "tourn"]
[EventRounds "11"]
[EventCountry "CZE"]
[SourceTitle "EXT 2010"]
[Source "ChessBase"]
[SourceDate "2010.11.25"]
[SourceVersion "1"]
[SourceVersionDate "2010.11.25"]
[SourceQuality "1"]
[WhiteTeam "Brno Duras III"]
[BlackTeam "Olomouc"]
[WhiteTeamCountry "CZE"]
[BlackTeamCountry "CZE"]

1. e4 c5 2. c3 Nf6 3. e5 Nd5 4. d4 cxd4 5. Nf3 Nc6 6. Bc4 Nb6 7. Bb3 e6 8. cxd4 d5 9. 0-0 Bd7 10. Nc3 a6 11. a3 Rc8 12. Qd3 Be7 13. Bc2 Na7 14. a4 Nc6 15. Qe3 Nc4 16. Qf4 h6 17. Qg4 g5 18. Qh5 Qb6 19. a5 Qd8 20. h4 gxh4 21. Bg6 fxg6 22. Qxg6+ Kf8 23. Bxh6+ Rxh6 24. Qxh6+ Kg8 25. Qg6+ Kh8 1/2-1/2

[Event "CZE-chT1E 0607"]
[Site "Czech Republic"]
[Date "2007.03.18"]
[Round "10.7"]
[White "Hladik, Oto"]
[Black "Karpilovsky, Oleg"]
[Result "1-0"]
[WhiteElo "2200"]
[BlackElo "2280"]
[PlyCount "95"]
[EventDate "2006.10.15"]
[EventType "team-tourn"]
[EventRounds "11"]
[EventCountry "CZE"]
[SourceTitle "EXT 2008"]
[Source "ChessBase"]
[SourceDate "2007.11.25"]
[SourceVersion "1"]
[SourceVersionDate "2007.11.25"]
[SourceQuality "1"]

1. e4 c5 2. Nc3 Nc6 3. g3 g6 4. Bg2 Bg7 5. d3 d6 6. f4 e6 7. Nf3 Nge7 8. 0-0 0-0 9. Be3 Nd4 10. e5 Nef5 11. Bf2 Nxf3+ 12. Qxf3 Nd4 13. Qd1 dxe5 14. fxe5 Bxe5 15. Ne4 f5 16. Nxc5 Qd6 17. b4 Nc6 18. Rb1 Bd4 19. Qe1 Bxf2+ 20. Qxf2 Rb8 21. Qf4 e5 22. Qc4+ Kh8 23. c3 Nd8 24. Rfe1 b6 25. Na6 b5 26. Qc5 Rb6 27. Nc7 Ne6 28. Nxe6 Bxe6 29. Qxe5+ Qxe5 30. Rxe5 Rc8 31. Rbe1 Bxa2 32. Re8+ Rxe8 33. Rxe8+ Kg7 34. Re7+ Kh6 35. Rxa7 Bb1 36. Bf1 g5 37. Ra5 f4 38. gxf4 gxf4 39. Kf2 Kg7 40. Ra7+ Kg6 41. Rc7 Ra6 42. Be2 Ra2 43. Kf3 Rd2 44. Rc6+ Kg5 45. h4+ Kxh4 46. Kxf4 h5 47. Ke3 Rb2 48. Rc5 1-0

[Event "CZE-chT1 East 0506"]
[Site "Czech Republic"]
[Date "2006.03.19"]
[Round "10.3"]
[White "Karpilovsky, Oleg"]
[Black "Kotan, Ladislav"]
[Result "1-0"]
[WhiteElo "2265"]
[BlackElo "2363"]
[PlyCount "119"]
[EventDate "2005.10.23"]
[EventType "team-tourn"]
[EventRounds "11"]
[EventCountry "CZE"]
[SourceTitle "EXT 2008"]
[Source "ChessBase"]
[SourceDate "2007.11.25"]
[SourceVersion "1"]
[SourceVersionDate "2007.11.25"]
[SourceQuality "1"]

1. e4 e5 2. Nf3 Nc6 3. Bb5 a6 4. Ba4 Nf6 5. 0-0 Be7 6. Re1 b5 7. Bb3 d6 8. c3 0-0 9. h3 Be6 10. d4 Bxb3 11. Qxb3 Qb8 12. Be3 Na5 13. Qc2 c5 14. Nbd2 cxd4 15. cxd4 Rc8 16. Qd3 Nc4 17. Nxc4 bxc4 18. Qc2 Qb5 19. Bd2 Nh5 20. Rad1 Bf6 21. dxe5 dxe5 22. g4 Nf4 23. Bxf4 exf4 24. e5 Be7 25. Nd4 Qa5 26. Qe4 Bf8 27. e6 fxe6 28. Qxe6+ Kh8 29. Nf3 Bb4 30. Re5 Qa4 31. Rd7 Rf8 32. Rxg7 Qd1+ 33. Kg2 Qd6 34. Rd7 Qxe6 35. Rxe6 Rfd8 36. Rxd8+ Rxd8 37. Rxa6 Rb8 38. Ne5 c3 39. bxc3 Bxc3 40. Nd3 Rd8 41. Nxf4 Rd2 42. Ne6 h6 43. h4 Kh7 44. h5 Rb2 45. g5 hxg5 46. Nxg5+ Kg7 47. h6+ Kf8 48. Ra8+ Ke7 49. h7 Rb5 50. f4 Rb2+ 51. Kg3 Re2 52. h8Q Bxh8 53. Rxh8 Rxa2 54. Kg4 Kf6 55. Rf8+ Kg7 56. Rf7+ Kg8 57. Rd7 Ra5 58. Ne6 Rb5 59. f5 Re5 60. Kg5 1-0

[Event "CZE-chT2d 0304"]
[Site "Czech Republic"]
[Date "2004.??.??"]
[Round "?"]
[White "Karpilovsky, Oleg"]
[Black "Svehla, Karel"]
[Result "0-1"]
[WhiteElo "2221"]
[BlackElo "2130"]
[PlyCount "156"]
[EventDate "2003.??.??"]
[EventType "team-tourn"]
[EventRounds "11"]
[EventCountry "CZE"]
[SourceTitle "EXT 2007"]
[Source "ChessBase"]
[SourceDate "2006.11.23"]
[SourceVersion "1"]
[SourceVersionDate "2006.11.23"]
[SourceQuality "1"]

1. e4 e6 2. d4 d5 3. e5 c5 4. c3 Nc6 5. Nf3 Qb6 6. a3 a5 7. Bd3 Bd7 8. Bc2 f6 9. exf6 Nxf6 10. 0-0 Bd6 11. Re1 0-0 12. Ne5 cxd4 13. Nxd7 Nxd7 14. Qd3 Nf6 15. cxd4 Nxd4 16. Be3 Bc5 17. Nc3 Nxc2 18. Qxc2 Bxe3 19. Rxe3 Ng4 20. Re2 Qd6 21. g3 Ne5 22. Rd1 Rac8 23. f4 Qc5+ 24. Kh1 Ng4 25. Qd2 Rc6 26. Qd4 Qxd4 27. Rxd4 Rfc8 28. f5 exf5 29. Nxd5 Rc1+ 30. Kg2 R8c2 31. Rdd2 Rxd2 32. Rxd2 Rc5 33. Nf4 Nf6 34. Ne6 Re5 35. Ng5 h6 36. Nf3 Rc5 37. Re2 Ne4 38. Nd4 Nd6 39. Ne6 Rc4 40. Nf4 Ne4 41. Nd5 g6 42. g4 Rd4 43. gxf5 Rxd5 44. Rxe4 gxf5 45. Re2 Kf7 46. Kf3 Kf6 47. Rc2 Rd3+ 48. Kf4 Rd4+ 49. Ke3 Ke5 50. Rc5+ Rd5 51. Rc4 Rb5 52. b4 axb4 53. axb4 Rd5 54. Rh4 Rd6 55. Rc4 Rc6 56. Rh4 b5 57. Kd3 Rd6+ 58. Ke3 Rg6 59. Kf3 Rc6 60. Ke3 Rc4 61. Rxh6 Rxb4 62. Rh8 Rb3+ 63. Ke2 Ke4 64. Re8+ Kf4 65. h4 b4 66. h5 Kg5 67. Rf8 Rh3 68. Rb8 b3 69. h6 b2 70. Kf2 Rh1 71. h7 Rxh7 72. Kg2 Kg4 73. Rxb2 f4 74. Rb4 Ra7 75. Rb8 Ra2+ 76. Kg1 Kg3 77. Rb3+ f3 78. Rb1 Rh2 0-1

[Event "CZE-chT2d 0304"]
[Site "Czech Republic"]
[Date "2004.??.??"]
[Round "?"]
[White "Karpilovsky, Oleg"]
[Black "Vecera, Pavel"]
[Result "1-0"]
[WhiteElo "2150"]
[BlackElo "2250"]
[PlyCount "63"]
[EventDate "2003.??.??"]
[EventType "team-tourn"]
[EventRounds "11"]
[EventCountry "CZE"]
[SourceTitle "EXT 2007"]
[Source "ChessBase"]
[SourceDate "2006.11.23"]
[SourceVersion "1"]
[SourceVersionDate "2006.11.23"]
[SourceQuality "1"]

1. e4 c5 2. c3 Nf6 3. e5 Nd5 4. d4 cxd4 5. Nf3 e6 6. cxd4 b6 7. a3 Qc7 8. Bd2 Ba6 9. Bxa6 Nxa6 10. 0-0 Rc8 11. Nc3 Nxc3 12. Bxc3 Qb7 13. Qe2 Nc7 14. Ng5 Be7 15. f4 h6 16. Ne4 Nd5 17. f5 exf5 18. Nd6+ Bxd6 19. exd6+ Kf8 20. Rxf5 Qc6 21. Raf1 f6 22. Qe5 Nxc3 23. Rxf6+ Kg8 24. Rf7 Ne2+ 25. Qxe2 Qxd6 26. Qg4 Rh7 27. Rxd7 Qb8 28. Rxa7 Kh8 29. Raf7 Rg8 30. Qe6 h5 31. Qe7 Rh6 32. Rxg7 1-0

[Event "MOR-chT2S 0203"]
[Site "Moravia"]
[Date "2003.03.02"]
[Round "9"]
[White "Karpilovsky, Oleg"]
[Black "Brychta, David"]
[Result "1-0"]
[WhiteElo "2221"]
[BlackElo "2144"]
[PlyCount "79"]
[EventDate "2002.10.??"]
[EventType "team-tourn"]
[EventRounds "11"]
[EventCountry "CZE"]
[SourceTitle "EXT 2006"]
[Source "ChessBase"]
[SourceDate "2005.11.24"]
[SourceVersion "1"]
[SourceVersionDate "2005.11.24"]
[SourceQuality "1"]

1. e4 c5 2. c3 d6 3. d4 Nd7 4. Bc4 Ngf6 5. Qe2 Qc7 6. Nd2 e5 7. Ngf3 Be7 8. 0-0 0-0 9. Re1 a6 10. a4 cxd4 11. cxd4 exd4 12. Nxd4 Ne5 13. Ba2 Re8 14. N2f3 Bg4 15. Bg5 h6 16. Bh4 Rac8 17. h3 Bh5 18. Qe3 Nxf3+ 19. Nxf3 Bg6 20. e5 dxe5 21. Nxe5 Bd6 22. Bxf6 gxf6 23. Qxh6 Bxe5 24. Qxg6+ Kf8 25. Qh7 f5 26. Rac1 Bh2+ 27. Kh1 Rxe1+ 28. Rxe1 Be5 29. Qxf5 Re8 30. Bxf7 Qxf7 31. Rxe5 Rxe5 32. Qxe5 Qxf2 33. Qb8+ Kg7 34. Qxb7+ Kh8 35. Qb8+ Kh7 36. Qe5 Qd2 37. a5 Kg8 38. Kh2 Kh7 39. h4 Kg8 40. Qg5+ 1-0

[Event "MOR-chT 0203"]
[Site "Moravia"]
[Date "2002.10.22"]
[Round "1"]
[White "Musil, Vitezslav"]
[Black "Karpilovsky, Oleg"]
[Result "1/2-1/2"]
[WhiteElo "2152"]
[BlackElo "2221"]
[PlyCount "53"]
[EventDate "2002.10.??"]
[EventType "team-tourn"]
[EventRounds "11"]
[EventCountry "CZE"]
[SourceTitle "EXT 2005"]
[Source "ChessBase"]
[SourceDate "2004.11.15"]
[SourceVersion "1"]
[SourceVersionDate "2004.11.15"]
[SourceQuality "1"]

1. e4 c5 2. Nf3 Nc6 3. d4 cxd4 4. Nxd4 Nf6 5. Nc3 e5 6. Ndb5 d6 7. Nd5 Nxd5 8. exd5 Nb8 9. c4 a6 10. Nc3 Be7 11. Bd3 0-0 12. 0-0 f5 13. f4 Nd7 14. Kh1 e4 15. Be2 Bf6 16. Be3 Nc5 17. Rc1 a5 18. b3 Bd7 19. Rg1 Qe7 20. g4 fxg4 21. Bxg4 Nd3 22. Rc2 Bxc3 23. Rxc3 Bxg4 24. Qxg4 Rxf4 25. Qe2 Rf7 26. Bd4 Raf8 27. Bxg7 1/2-1/2

[Event "MOR-chT2S 0203"]
[Site "Moravia"]
[Date "2002.10.01"]
[Round "4"]
[White "Hladik, Josef"]
[Black "Karpilovsky, Oleg"]
[Result "0-1"]
[WhiteElo "2188"]
[BlackElo "2221"]
[PlyCount "64"]
[EventDate "2002.10.??"]
[EventType "team-tourn"]
[EventRounds "11"]
[EventCountry "CZE"]
[SourceTitle "EXT 2006"]
[Source "ChessBase"]
[SourceDate "2005.11.24"]
[SourceVersion "1"]
[SourceVersionDate "2005.11.24"]
[SourceQuality "1"]

1. d4 Nf6 2. g3 g6 3. Bg2 Bg7 4. e4 d6 5. Ne2 0-0 6. 0-0 Nbd7 7. h3 e5 8. Nbc3 c6 9. a4 Qc7 10. Be3 Re8 11. f4 exd4 12. Bxd4 b6 13. g4 Ba6 14. Re1 h6 15. Ng3 Rad8 16. Qd2 Nc5 17. Rad1 Ne6 18. Be3 d5 19. exd5 cxd5 20. Nce2 Nc5 21. Ra1 Nfe4 22. Nxe4 Nxe4 23. Qc1 Bxe2 24. Rxe2 Ng3 25. Re1 d4 26. Bd2 Ne2+ 27. Rxe2 Rxe2 28. Bf3 Ree8 29. a5 Rc8 30. Bd1 bxa5 31. Rxa5 d3 32. Ra3 Qb6+ 0-1